|
|
|
|
| LEADER |
00000nab a2200000uu 4500 |
| 001 |
vtls010874908 |
| 003 |
SK-MaSNL |
| 005 |
20260303163035.0 |
| 008 |
230303|1963 xo |||||||||||||||||slo| |
| 015 |
|
|
|a SNBRB
|
| 035 |
|
|
|a (urnnbn)urn:nbn:sk:snk:ar-005y32
|
| 035 |
|
|
|a (uuid)af4c73c1-36dd-454a-8355-f869ca76f151
|
| 035 |
|
|
|a urn:nbn:sk:snk-ab7ovf
|
| 040 |
|
|
|a SNKBUCL
|b slo
|c SNKBUCL
|e AACR2
|
| 041 |
0 |
|
|a slo
|
| 044 |
|
|
|a xo
|c SK
|
| 100 |
1 |
|
|a Šimek, I.
|4 aut
|9 1152352
|
| 245 |
1 |
0 |
|a Radikálová polymerizácia tetravinylsilánu (II) :
|b Kopolymerizácia tetravinylsilánu s metylmetakrylátom
|c I. Šimek, L. Komora
|
| 700 |
1 |
|
|a Komora, L.
|4 aut
|9 1119449
|
| 773 |
0 |
|
|t Chemické zvesti
|g Roč. 17, č. 10-11 (1963), s. 757-764
|
| 958 |
|
|
|a OND
|
| 958 |
|
|
|a EUIPO
|
| 958 |
|
|
|a article8
|
| 999 |
|
|
|c 2058521
|d 2060451
|